000 00598nam a2200229Ia 4500
003 OSt
005 20220918202644.0
006 a|||||r|||| 00| 0
007 ta
008 220917b |||||||| |||| 00| 0 eng d
024 _a102,844
037 _cTextual
040 _aARTS
_cARTS
_beng
041 _2eng
_aeng
082 _aV253:1:D7, K7;2
100 _aBasak Radha Govinda
_977091
245 0 _aHistory of north-eastern India
260 _aNA
_bNA
_c1967
650 _aHISTORY
942 _hV253:1:D7, K7;2
_cTEXL
_2CC
999 _c226293
_d226293